main series mario bosses - Statistics

General Stats
  • This quiz has been taken 306 times
    270 since last reset
  • The average score is 72 of 153
Answer Stats
Game Title Bosses % Correct
NSMB | NSMB2 | NSMBU | +9 others Bowser
96%
SMB1 Fake Bowser
96%
Donkey Kong Donkey Kong
91%
NSMB2 | NSMBU | NSMBW | +2 others Ludwig Von Koopa
82%
NSMB2 | NSMBU | NSMBW | +2 others Roy Koopa
81%
NSMB2 | NSMBU | NSMBW | +2 others Iggy Koopa
80%
NSMB2 | NSMBU | NSMBW | +2 others Larry Koopa
80%
NSMB2 | NSMBU | NSMBW | +2 others Lemmy Koopa
80%
SMB3 | SMW Morton Koopa Jr.
80%
NSMB2 | NSMBU | NSMBW Morton Koopa jr.
80%
NSMB2 | NSMBU | NSMBW | +2 others Wendy O. Koopa
80%
SMO Donkey Kong
78%
NSMB | NSMBU | NSMBW | SMG Bowser jr.
76%
NSMBU | SM3DL | SM3DW | SMB3 Boom Boom
67%
SM64DS | SMS King Boo
66%
SM64 King Bob-omb
64%
SMB2 Birdo
63%
NSMB | SMS Petey Piranha
63%
SMB2 Wart
58%
NSMBU | NSMBW Kamek
54%
NSMB | NSMB2 | SM3DL Dry Bowser
53%
SM3DL | SM3DW Pom Pom
53%
SM64 | SMS Wiggler
47%
SMB2 Mouser
46%
SM64 | SMW Big Boo
40%
SMG Dino Piranha
39%
NSMB2 | SMW Reznor
37%
SM64 Big Bully
35%
SM64 | SMG2 Whomp King
35%
SMS Shadow Mario
34%
SMO Topper
32%
SM64DS Goomboss
31%
SMO Harriet
31%
SMS Gooper Blooper
30%
SM3DW Meowser
28%
SMO Rango
28%
SMO Spewart
26%
SM64 Chill Bully
25%
SMG Kamella
25%
SMS Mecha-Bowser
25%
SMB2 Triclyde
25%
SMG Bouldergeist
24%
SMB2 Fry Guy
24%
SMG King Kaliente
24%
SM64DS Chief Chilly
23%
NSMB Lakithunder
22%
NSMB Mega Goomba
22%
NSMBU Sumo Bro
22%
SM64 Eyerok
21%
NSMB Mummy Pokey
21%
SMB2 Clawgrip
20%
SMO Mecha-wiggler
20%
SMG Megaleg
20%
SMG Fiery Dino Piranha
19%
NSMB Monty Tank
19%
SMG2 Gobblegut
18%
SMG2 Peewee Piranha
18%
SMG Kingfin
17%
SMG Baron Brr
16%
SMG | SMG2 Bugaboom
16%
NSMB Cheepskipper
16%
SM3DW Hisstocrat
16%
SM3DW King Ka-Thunk
16%
SMO Madam Broode
16%
SMS Phanta Manta
16%
SMG Major Burrows
15%
SMB2/SMBA Robirdo
15%
SMO Cookatiel
14%
SMG Topmaniac
14%
SMS Eely-Mouth
13%
SM3DW Motley Bossblob
13%
SMS Polluted Piranha
13%
SMG2 Prince Pikante
13%
SMG Tarantox
13%
NSMB | NSMBU | SMS Bowser and Bowser jr.
12%
SMO Torkdrift
12%
SMG2 Digga-leg
11%
SMG2 Giga Lakitu
11%
SMB2 Hawkmouth
11%
SMO Lord of Lightning
11%
SMG2 Megahammer
11%
SMG2 Sorbetti
11%
SMO RoboBrood
10%
SMG2 Squizzard
10%
SMG2 Glamdozer
9%
SMG2 Rollodillo
9%
SMG2 Boomsday Machine
8%
SMG2 Fire Gobblegut
7%
SM64 Bowser in the Sky
6%
SMS Plungelo
6%
SM64 Bowser in the Dark
4%
SM3DW Boss Broulder
3%
SM64 Bowser in the Fire Sea
2%
SMO Knuckelotec
2%
SMO Mollusque-Lancer
2%
SM3DL Raccoon Bowser
2%
No matching quizzes found
Score Distribution
Percent of People with Each Score
Percentile by Number Answered
Your Score History
You have not taken this quiz since the last reset